Practical arithmetic and mesuration.
Gespeichert in:
| 1. Verfasser: | |
|---|---|
| Format: | Buch |
| Sprache: | Englisch |
| Erschienen: |
London :
Macmillan and Co., Limited,
1928
|
| Katalog: | MANES: Suchergebnis im Bibliothekskatalog |
| Schulbuchspezifische Eigenschaften: |
|
| Tags: |
Tag hinzufügen
Keine Tags, Fügen Sie den ersten Tag hinzu!
|
| Hinzugefügt zu: | 25.05.2025 |
| Geändert in: | 26.05.2025 |
MARC
| LEADER | 00000nam a22000007a 4500 | ||
|---|---|---|---|
| 003 | OSt | ||
| 005 | 20250526123336.0 | ||
| 008 | 250526b |||||||| |||| 00| 0 eng d | ||
| 040 | |a centro_manes |c Aula Museo de la Universidad de Oviedo | ||
| 100 | |a Castle, Frank |9 44674 | ||
| 245 | |a Practical arithmetic and mesuration. | ||
| 260 | |a London : |b Macmillan and Co., Limited, |c 1928 | ||
| 300 | |a 264 p. |c 17,5 x 12 cm. | ||
| 500 | |a Cartón. Ilustraciones. | ||
| 546 | |a Inglaterra | ||
| 690 | 0 | |a MATE | |
| 691 | 0 | |a SE | |
| 942 | |2 ddc |c BK | ||
| 999 | |c 104792 |d 104792 | ||
| 999 | |c manes:104792 |d 104792 | ||